Eastern Utah Libraries Catalog: Duchesne, Heber, Roosevelt, & Vernal

Gravemaidens (Record no. 250116)

MARC details
000 -LEADER
fixed length control field 00883nam a22002775i 4500
001 - CONTROL NUMBER
control field 2893772
005 - DATE AND TIME OF LATEST TRANSACTION
control field 20191029113923.0
008 - FIXED-LENGTH DATA ELEMENTS--GENERAL INFORMATION
fixed length control field 190304s2019 d 1 eng
010 ## - LIBRARY OF CONGRESS CONTROL NUMBER
LC control number 2018057917
020 ## - INTERNATIONAL STANDARD BOOK NUMBER
International Standard Book Number 9780525647829
020 ## - INTERNATIONAL STANDARD BOOK NUMBER
International Standard Book Number 0525647821
040 ## - CATALOGING SOURCE
Description conventions rda
050 #4 - LIBRARY OF CONGRESS CALL NUMBER
Classification number PZ7.1.C6
082 04 - DEWEY DECIMAL CLASSIFICATION NUMBER
Classification number [Fic]
Edition number 23
092 ## - LOCALLY ASSIGNED DEWEY CALL NUMBER (OCLC)
Classification number fiction
999 ## - SYSTEM CONTROL NUMBERS (KOHA)
Koha Dewey Subclass [OBSOLETE] [Fic]
100 1# - MAIN ENTRY--PERSONAL NAME
Personal name Coon, Kelly,
Relator term author.
9 (RLIN) 5804860
245 10 - TITLE STATEMENT
Title Gravemaidens
264 ## - Production, Publication, Distribution, Manufacture, and Copyright Notice.
Place of production, publication, distribution, manufacture New York
Name of producer, publisher, distributor, manufacturer Delacorte Press
Date of production, publication, distribution, manufacture, or copyr 2019
336 ## - Content Type
Content type term book
337 ## - Media type
Media type term book
338 ## - Carrier type
Carrier type term book
500 ## - GENERAL NOTE
General note Brodart Bibz On-Order Record
520 ## - SUMMARY, ETC.
Summary, etc Publisher Annotation: The start of a fierce fantasy duology about three maidens who are chosen for their land's greatest honor...and one girl determined to save her sister from the grave. 416pp.
942 ## - ADDED ENTRY ELEMENTS (KOHA)
Source of classification or shelving scheme Dewey Decimal Classification
Koha item type BOOK
Holdings
Withdrawn status Lost status Source of classification or shelving scheme Damaged status Not for loan Collection code Home library Current library Shelving location Date acquired Source of acquisition Serial Enumeration / chronology Total Checkouts Total Renewals Full call number Barcode Checked out Date last seen Date checked out Cost, replacement price Price effective from Koha item type
    Dewey Decimal Classification     Young Adult Fiction Wasatch County Library Wasatch County Library Main Floor Teen Area 02/11/2021 Micromarketing #1 7 6 YA Coon 34301001669227 04/28/2026 03/02/2026 03/02/2026 18.99 02/11/2021 BOOK
This project was made possible through a grant from the Institute of Museum and Library Service administered by the Utah State Library Division.

Wasatch County Library

  • 465 East 1200 South, Heber City, Utah 84032
  • Phone 435-654-1511 | Fax 435-654-6456

Hours

  • Monday - Friday 9:30 AM - 8:00 PM
  • Saturday 9:30 AM - 1:30 PM
  • Closed Sundays and Holidays